Вопросы изучения поверхностных и подземных вод Сибири: сборник научных трудов

Bibliografiske detaljer
Andre forfattere: Крашенинников М. В. (редактор)
Sprog:russisk
Udgivet: Иркутск, Изд-во Иркутского ун-та, 1982
Fag:
Format: MixedMaterials Bog
KOHA link:https://koha.lib.tpu.ru/cgi-bin/koha/opac-detail.pl?biblionumber=115865

MARC

LEADER 00000nam0a2200000 4500
001 115865
005 20231031122934.0
035 |a (RuTPU)RU\TPU\book\125337 
090 |a 115865 
100 |a 20070515d1982 k y0rusy50 ca 
101 0 |a rus 
102 |a RU 
105 |a a z 001zy 
200 1 |a Вопросы изучения поверхностных и подземных вод Сибири  |e сборник научных трудов  |f под ред. М. В. Крашенинникова 
210 |a Иркутск  |c Изд-во Иркутского ун-та  |d 1982 
215 |a 109 с.  |c ил. 
320 |a Библиогр. в конце ст. 
610 1 |a гидрология 
610 1 |a Сибирь 
610 1 |a подземные воды 
610 1 |a поверхностные воды 
610 1 |a тепловой баланс 
675 |a 551.46/49  |v 3 
702 1 |a Крашенинников  |b М. В.  |4 340 
801 1 |a RU  |b 63413507  |c 20070515  |g PSBO 
801 2 |a RU  |b 63413507  |c 20160404  |g PSBO 
942 |c BK